| 000 | 00398nam a2200193Ia 4500 | ||
|---|---|---|---|
| 001 | 11572 | ||
| 003 | GE_BSU | ||
| 008 | 181216s||||||||xx |||||||||||||| ||und|| | ||
| 020 | _a1844134032 | ||
| 040 | _cGE_BSU | ||
| 100 | _aQuigley,Sheila | ||
| 245 | _aRun For Home | ||
| 260 | _aLondon | ||
| 260 | _bCentury | ||
| 260 | _c2004 | ||
| 300 | _a433p;24cm. | ||
| 653 | _aRun For Home | ||
| 942 | _cBK | ||
| 999 |
_c44767 _d44767 |
||